| 000 | 00390nam a2200145Ia 4500 | ||
|---|---|---|---|
| 008 | 150201s1985 xx 000 0 und d | ||
| 082 |
_a617.634 _bU1985N |
||
| 100 | _aNIKI FORK | ||
| 245 | _aUNDERSTANDING DENTAL CARIES | ||
| 250 | _a1ST | ||
| 260 |
_bKARGER PUBLISHING _aBASEL(SWITZERLAND) _c1985 |
||
| 300 | _a1-303 | ||
| 650 | _aCONSERVATIVE DENTISTRY & ENDODONTICS | ||
| 942 |
_2ddc _cBK _01 |
||
| 999 |
_c4350 _d4350 |
||